| 000 | 00895nam a2200265 a 4500 | ||
|---|---|---|---|
| 001 | 000005799 | ||
| 003 | DO-SdBNP | ||
| 005 | 20230331073625.0 | ||
| 007 | ta | ||
| 008 | 090824s1994 dr r 000 0 spa d | ||
| 040 |
_aDO-SdBNP _bspa _cBNPHU |
||
| 082 | 4 |
_a344.729301 _bH557m _222 |
|
| 100 |
_aHernández Rueda, Lupo, _d1930-2017 _923790 |
||
| 245 | 1 | 0 |
_aManual de derecho del trabajo / _cLupo Hernández Rueda. |
| 260 |
_aSanto Domingo : _bCorripio, _c1994. |
||
| 300 |
_av. ; _c20 cm. |
||
| 500 | _aLa biblioteca posee el v. 1. | ||
| 500 | _aIncluye referencias bibliográficas y notas al pie de las páginas. | ||
| 504 | _aBibliografía : p. 829-834 | ||
| 590 | _aInventariado, 2022/BT | ||
| 650 | 4 |
_aDerecho laboral _zRepública Dominicana _97337 |
|
| 650 | 4 |
_aLegislación laboral _zRepública Dominicana _911733 |
|
| 910 | _aValidado. Control de calidad. MMOLINA | ||
| 942 |
_2ddc _cLBS1 |
||
| 999 |
_c5595 _d5595 |
||